Midnight's children / (Record no. 7)
[ view plain ]
| 000 -LEADER | |
|---|---|
| fixed length control field | 01436nam a2200277 a 4500 |
| 001 - CONTROL NUMBER | |
| JCCL Control Number | 7 |
| 003 - CONTROL NUMBER IDENTIFIER | |
| JCCL marc code | UkOxU |
| 005 - DATE AND TIME OF LATEST TRANSACTION | |
| control field | 20180705134013.0 |
| 008 - FIXED-LENGTH DATA ELEMENTS--GENERAL INFORMATION | |
| fixed length control field | 170924s19951981enk 000 0 eng d |
| 020 ## - INTERNATIONAL STANDARD BOOK NUMBER | |
| International Standard Book Number | 0099578514 |
| 020 ## - INTERNATIONAL STANDARD BOOK NUMBER | |
| International Standard Book Number | 9780099578512 |
| 035 ## - SYSTEM CONTROL NUMBER | |
| system control number | (OCoLC)32545595 |
| 040 ## - CATALOGING SOURCE | |
| Original cataloging agency | OX/U-1 |
| Transcribing agency | OX/U-1 |
| Modifying agency | BD-JhCC |
| 041 ## - LANGUAGE CODE | |
| Language code of Book | eng |
| 050 #4 - LIBRARY OF CONGRESS CALL NUMBER | |
| Classification number | PR6068.U757 |
| Item number | M5 1995 |
| 082 ## - DEWEY DECIMAL CLASSIFICATION NUMBER | |
| DDC Edition number | 23 |
| Classification number | 823.914 |
| Author mark and Year | RUS |
| 100 1# - MAIN ENTRY--PERSONAL NAME | |
| Personal name | Rushdie, Salman. |
| 245 10 - TITLE STATEMENT | |
| Title | Midnight's children / |
| Statement of responsibility, etc | Salman Rushdie. |
| 260 ## - PUBLICATION, DISTRIBUTION, ETC. (IMPRINT) | |
| Place of publication, distribution, etc | London : |
| Name of publisher, distributor, etc | Vintage, |
| Date of publication, distribution, etc | 1995, c1981. |
| 300 ## - PHYSICAL DESCRIPTION | |
| Pagination | 462 p. ; |
| Dimensions | 20 cm. |
| 500 ## - GENERAL NOTE | |
| General note | First published: London : Jonathan Cape, 1981 |
| 520 ## - SUMMARY, ETC. | |
| Summary, etc | Born at the stroke of midnight, at the precise moment of India's independence, Saleem Sinai is destined from birth to be special. For he is one of 1,001 children born in the midnight hour, children who all have special gifts, children with whom Saleem is telepathically linked. But there has been a terrible mix up at birth, and Saleem's life takes some unexpected twists and turns. As he grows up amidst a whirlwind of triumphs and disasters, Saleem must learn the ominous consequences of his gift, for the course of his life is inseparably linked to that of his motherland, and his every act is mirrored and magnified in the events that shape the newborn nation of India. It is a great gift, and a terrible burden. |
| 650 ## - SUBJECT ADDED ENTRY--TOPICAL TERM | |
| Topical term or geographic name as entry element | Poverty - Fiction. |
| 942 ## - ADDED ENTRY ELEMENTS (KOHA) | |
| Source of classification or shelving scheme | Dewey Decimal Classification |
| Koha item type | Books |
| Koha issues (borrowed), all copies | 1 |
| Source of classification or shelving scheme | Damaged status | Not for loan | Home library | Current library | Date of accession | Total Checkouts | Total Renewals | Full call number | Barcode | Date last seen | Date checked out | Copy number | Koha item type |
|---|---|---|---|---|---|---|---|---|---|---|---|---|---|
| Dewey Decimal Classification | JCC Rouf Library | JCC Rouf Library | 09/24/2017 | 3 | 1 | 823.914 RUS 1981 | 1420 | 01/14/2026 | 07/20/2025 | C-1 | Books |